| 000 | 00702nam a2200193 a 4500 | ||
|---|---|---|---|
| 008 | 120416s1996 ||||||||||||||||| || u | ||
| 020 | _a1857300440 | ||
| 050 | _aBOE(08)HCB/4 | ||
| 100 | _aScott, Christopher | ||
| 245 | 1 | 0 | _aInternal audit in a Central Bank |
| 260 |
_aLondon: _bBank of England _c1996 |
||
| 300 | _a33p. : ill. | ||
| 350 | _a0.00 | ||
| 490 | _aBank of England. Handbooks in Central Banking | ||
| 650 | _aBANKS AND BANKING, CENTRAL--AUDITING | ||
| 650 | _aAUDITING | ||
| 710 | _aBank of England. Centre for Central Banking Studies | ||
| 995 |
_D0.00 _FCBU-MAIN LIBRARY (Kitwe) _H1 _I0.00 _M1 _UAVAILABLE _ZInternational Publications |
||
| 999 |
_c47258 _d47258 |
||